| 000 | 00627 a2200241 4500 | ||
|---|---|---|---|
| 001 | 15692 | ||
| 999 |
_c15692 _d2454 |
||
| 003 | TR-AnTOB | ||
| 005 | 20200407152602.0 | ||
| 008 | 2003 eng | ||
| 020 | _a0826464165 | ||
| 041 | _aeng | ||
| 050 | 3 |
_aQA76.76.O63 _bR58 2003 |
|
| 090 | _aQA76.76 .O63 R58 2003 | ||
| 100 |
_aRitchie, Colin _96193 |
||
| 245 | 0 |
_aOperating systems : _bincorporating UNIX and Windows. |
|
| 250 | _a4th ed. | ||
| 264 | 1 |
_aLondon : _bContiuum, _cc2003. |
|
| 300 | 3 |
_axiv, 279 p. : _billus. ; _c20cm. |
|
| 500 | _aIncludes index. | ||
| 650 |
_aOperating systems (Computers) _9318 |
||
| 901 | _gQA76.76 .O63 R58 2003 | ||
| 942 | _cBK | ||